书目信息 |
| 题名: |
现代月季·玫瑰全书
|
|
| 作者: | 村上敏 著 ;卞梦晨 译 | |
| 分册: | ||
| 出版信息: | 北京 机械工业出版社 2021.3 |
|
| 页数: | 175页 | |
| 开本: | 26cm | |
| 丛书名: | ||
| 单 册: | ||
| 中图分类: | S685.12 | |
| 科图分类: | ||
| 主题词: | 月季--观赏园艺 , 玫瑰花--观赏园艺 | |
| 电子资源: | ||
| ISBN: | 978-7-111-62818-7 | |
| 000 | 01031nam0 2200265 45 | |
| 001 | 012001000432 | |
| 005 | 20130911142538.0 | |
| 010 | @a978-7-111-62818-7@dCNY69.80 | |
| 100 | @a20190918d2019 em y0chiy50 ea | |
| 101 | 1 | @achi@cjpn |
| 102 | @aCN@b110000 | |
| 105 | @aa z 000yy | |
| 106 | @ar | |
| 200 | 1 | @a现代月季·玫瑰全书@Axian dai yue ji · mei gui quan shu@b专著@e特性·栽培·图鉴·历史@f(日)村上敏著@g卞梦晨译 |
| 210 | @a北京@c机械工业出版社@d2021.3 | |
| 215 | @a175页@c彩图@d26cm | |
| 300 | @a栽培大师说月季 | |
| 330 | @a本书详解了划时代的月季大类——现代月季,你可以在基础篇了解现代月季的各种特性和知识;在实践篇学习月季栽培的方法、要点、技术;还能在现代月季图鉴篇看到225种96页之多的品种介绍;最后月季之旅部分还有你想知道的现代月季历史、香气和病虫害防治方法。 | |
| 606 | 0 | @a月季@x观赏园艺 |
| 606 | 0 | @a玫瑰花@x观赏园艺 |
| 690 | @aS685.12@v5 | |
| 701 | 0 | @c(日)@a村上敏@Acun shang min@4著 |
| 702 | 0 | @a卞梦晨@Abian meng chen@4译 |
| 801 | 0 | @aCN@bBJSDL@c20211011 |
| 905 | @b1335209-11@dS685.12@e668@f3 | |
| 现代月季·玫瑰全书:特性·栽培·图鉴·历史/(日)村上敏著/卞梦晨译.-北京:机械工业出版社,2021.3 |
| 175页:彩图;26cm |
| 栽培大师说月季 |
| ISBN 978-7-111-62818-7:CNY69.80 |
| 本书详解了划时代的月季大类——现代月季,你可以在基础篇了解现代月季的各种特性和知识;在实践篇学习月季栽培的方法、要点、技术;还能在现代月季图鉴篇看到225种96页之多的品种介绍;最后月季之旅部分还有你想知道的现代月季历史、香气和病虫害防治方法。 |
| ● |
| 相关链接 |
|
|
|
|
正题名:现代月季·玫瑰全书
索取号:S685.12/668
 
预约/预借
| 序号 | 登录号 | 条形码 | 馆藏地/架位号 | 状态 | 备注 |
| 1 | 1335209 | 213352094 | 第二样本阅览室/ [索取号:S685.12/668] | 在馆 | |
| 2 | 1335210 | 213352101 | 第三借阅区/ [索取号:S685.12/668] | 在馆 | |
| 3 | 1335211 | 213352110 | 第三借阅区/ [索取号:S685.12/668] | 在馆 |